000 00523nam a2200193Ia 4500
005 20260429112210.0
008 260429s9999||||xx |||||||||||||| ||und||
020 _a9789355281951
041 _aEnglish
082 _a370.1
_bBOS
100 _aBosanquet, Bernard
245 0 _aEducation of the young in the republic of Plato /
_cBernard Bosanquet
250 _a1st ed.
260 _aChennai :
_bMaxwell Press,
_c2023.
300 _a198 p.; pbk
650 _a Philosophy of education
650 _aPlato
942 _cTB
999 _c52852
_d52852